000 00494nam a2200205Ia 4500
005 20140403135517.0
008 140130s9999 xx 000 0 und d
020 _a0439686180
050 _aPZ 7
_b.H389 2004
100 _aHenkes, Kevin
_924083
245 _cKevin Henkes
_aOwen /
260 _bScholastic,
_c2004.
_aU.S.A :
300 _a22 p. :
_bcol. ill. ;
_c24 cm.
440 _v1
_931170
521 _aG2
526 _c370
942 _cBK
_2lcc
999 _c40199
_d40199